000 00378nam a2200121 i 4500
001 bg
245 1 0 _aHistoria matematyki :
_bod czasów najdawniejszych do początku XIX stulecia.
_nT. 1,
_pOd czasów najdawniejszych do początku czasów nowożytnych.
260 _aWarszawa,
_c1975.
040 _cBPK
041 _apol
942 _cKS
008 s pl f |000 0 pol
999 _c16554
_d16554
856 _uhttp://koha.tu.koszalin.pl/cgi-bin/koha/opac-detail.pl?biblionumber=16554
_yKatalog online BPK